000 01336cam a22003618i 4500
999 _c276
_d276
001 .b21253341
003 Uk
005 20190805093050.0
008 150120s2015 enka 001 0 eng d
015 _aGBB517664
_2bnb
020 _a9781107480551
_q(paperback) :
040 _aStDuBDS
_beng
_cStDuBDS
_erda
_dTWFJU
042 _anbic
082 0 _a428.24 MUR
100 1 _aMurphy, Raymond,
_eauthor.
245 1 0 _aEssential grammar in use :
_ba self-study reference and practice book for elementary learners of English /
_cRaymond Murphy.
246 3 8 _aEssential grammar in use with answers.
250 _aFourth edition.
264 1 _aCambridge :
_bCambridge University Press,
_c2015.
300 _a2 volumes :
_billustrations ;
_c27 cm.
336 _atext
_2rdacontent.
336 _astill image
_2rdacontent.
337 _aunmediated
_2rdamedia.
338 _avolume
_2rdacarrier.
500 _aIncludes index.
500 _a"A self-study reference and practice book for elementary learners of English." -- Volume 1.
500 _a"To accompany essential grammar in use fourth edition." -- Volume 2.
500 _awith answer
650 0 _aEnglish language
_xGrammar.
650 0 _aEnglish language
_xGrammar
_vProblems, exercises, etc.
650 0 _aEnglish language
_vTextbooks for foreign speakers.
942 _2ddc
_cNFIC